000 01764nam a2200421 c 4500
003 BLK
005 20180422105703.0
008 180409b bul|||||r ||||||| ||bul||
010 _aKNG00111082000
020 _a978-954-2934-22-6
_bиздат.: Изд. Стандарт
040 _aBLK
041 _aBUL
_cBUL
072 7 _2bullib
_aН92
_xИстория Н
080 _aПаметници на културата на историческите периоди. Археологическите паметници. Старини
_b904
_x(497.221.1)(02.062)
_z904(497.221.1)(02.062)
100 1 _aМильов, Симеон
_eпърви автор
_gСимов, Симеон Мильов
_9369712
700 1 _aСимов, Симеон Мильов
_e*
_9295039
139 _aМильов, Симеон
_bМ 61
245 1 0 _aСъкровищата на Перник
_cСимеон Мильов; * Симеон Мильов Симов.
257 _aBGR
260 София
_bИзд. Стандарт
_c2011
_fКостинброд : Мултипринт
300 _a63 с.
_bс цв. ил.
_c24 см
380 _a9
490 1 _aЧудесата на България
_v16
500 _aПълното име на авт. е Симеон Мильов Симов.
650 4 _aПерник - старини - популярна литература
_9310410
650 4 _aГрадове, български - старини
_9292301
651 4 _aПерник
_9179353
651 4 _aБългария
_9241624
653 _aПерник
653 _aстарини
653 _aградове
659 _aН
852 _aЦб 255128
856 4 _qpdf
_u
856 4 _qpdf
_u
942 _cKNG
_n0
944 _aCR
_c21.05.2012
_lф /
_kПенка_Димитрова
944 _aED
_c14.02.2013
_lф /
_k
999 _c105843
_d105843